Nokia N80 Nokia N91

Bibliographic Details
Main Author: Orgonáš, Jozef (Author)
Format: Article
Language:Slovak
PhysicalDescription:Fotogr.
ISSN:1336-5754
Subjects:

MARC

LEADER 00000nab a2200000 ar4500
001 vtls008871542
003 SK-MaSNL
005 20260303175109.0
008 061013c2006 xo |||||||||||000 b|slo
015 |a SNBRB2006/10  |2 snkbucl 
038 |a SNKBUCL 
040 |a SNKBUCL  |b slo  |c SNKBUCL  |e AACR2 
041 0 |a slo 
044 |a xo  |c SK 
080 |a 621.395.721.5  |2 1997 
100 1 |a Orgonáš, Jozef  |4 aut  |9 197663 
245 1 0 |a Nokia N80  |b Nokia N91  |c Jozef Orgonáš 
300 |b Fotogr. 
650 0 7 |a Nokia N91 (mobilný telefón)  |2 snkbucl  |9 1203245 
650 0 7 |a Nokia N80 (mobilný telefón)  |2 snkbucl  |9 1203246 
650 0 7 |a mobilné telefóny  |2 snkbucl  |9 20365 
740 0 2 |a Nokia N91 
773 0 |t DiGi revue  |g Roč. 2, č. 7-8 (2006), s. 54-55  |x 1336-5754 
852 |a SNK  |b KIS3GCP 
999 |c 2100331  |d 2102261